Нормален изглед
MARC изглед
- Чаушев, Мустафа Арифов
Вход 01. Лично име
001 - Контролен номер на записа
- Контролно поле: 496200
003 - Код на организацията, даваща контролен номер
- Контролно поле: BLK
005 - Дата и час на последна промяна на записа
- Контролно поле: 20250311100806.0
008 - Данни с фиксирана дължина – обща информация
- Данни с фиксирана дължина : 241206|| aca||aabn | a|a d
100 ## - ИМЕ НА ЛИЦЕ -ПЪРВИЧНА ИНТЕЛЕКТУАЛНА ОТГОВОРНОСТ
- Лично име: Чаушев, Мустафа Арифов
- Дати, свързани с автора: 1943 -
- Друга информация: Естраден певец.
500 ## - Допълнителна информация за лично име
- Лично име: Чаушев, Демир
942 ## - Системна служебна употреба
- Koha auth type: PERSO_NAME